| 000 | 00791nam a2200265 4500 | ||
|---|---|---|---|
| 003 | OSt | ||
| 005 | 20260530115304.0 | ||
| 008 | 260506b2022 |||a|||| |||| 00| 0 spa d | ||
| 020 | _a9786078059423 | ||
| 040 |
_aICI _bspa _cICI |
||
| 050 |
_aN6559.F45 _bH66 |
||
| 100 | 1 |
_aEder, Rita _931750 |
|
| 245 | 1 | 0 | _aHomenaje a Manuel Felguerez |
| 264 | 1 |
_bAcademia de Artes México _c2022 _aCiudad de México, México |
|
| 300 | _a48 páginas | ||
| 336 |
_atexto _2rdacontent |
||
| 337 |
_asin medio _2rdamedia |
||
| 338 |
_avolumen _2rdacarrier |
||
| 700 |
_aLouise Noelle _eAutor _931751 |
||
| 700 |
_aFrancisco Castro Leñero _eAutor _931752 |
||
| 700 |
_aManuel Marín _eAutor _931753 |
||
| 700 |
_aArnaldo Coen _eAutor _931754 |
||
| 700 |
_aMarina Lascaris _eAutor _931755 |
||
| 942 |
_2ddc _cBK _n1 |
||
| 999 |
_c13025 _d13025 |
||